000 00601nam a2200205Ia 4500
003 GCL
008 140319s9999 xx 000 0 eng d
020 _a9264102868
040 _aGCL /
_cGCL
082 0 4 _a379.24
_bU L
245 1 0 _aLITERACY SKILLS FOR THE WORLD OF TOMORROW :
_bFURTHER RESULTS FROM PISA 2000
260 _aنيويورك :
_bUNESCO ،
_c2003
300 _a32 CM ؛
_c389 P
650 0 4 _aEDUCATION
650 0 4 _aLITERACY PROGRAMS
650 0 4 _aLITERACY - INTERNATIONAL COOPERATION
650 0 4 _aTHE O E C D PROGRAME
650 0 4 _aNATIONAL LITERACY CAMPAIGNS
942 _2ddc
_cBK
999 _c7294
_d7294